[Event "FRA-chT Top 12 final (Women)"]
[Site "Saint Quentin"]
[Date "2016.06.25"]
[Round "1.1"]
[White "Bellahcene, Meriem"]
[Black "Huisman, Chloe"]
[Result "0-1"]
[WhiteElo "1775"]
[BlackElo "1937"]
[PlyCount "84"]
[EventDate "2016.06.25"]
[EventType "team-tourn"]
[EventRounds "2"]
[EventCountry "FRA"]
[SourceTitle "CBM 173 Extra"]
[Source "ChessBase"]
[SourceDate "2016.08.29"]
[SourceVersion "1"]
[SourceVersionDate "2016.08.29"]
[SourceQuality "1"]
[WhiteTeam "Bischwiller (W)"]
[BlackTeam "Evry (W)"]
[WhiteTeamCountry "FRA"]
[BlackTeamCountry "FRA"]

1. e4 d5 2. exd5 Nf6 3. Bb5+ Bd7 4. Be2 Nxd5 5. d4 Bf5 6. a3 e6 7. Nf3 Be7 8. 0-0 0-0 9. c4 Nb6 10. Nc3 Bf6 11. Be3 Nc6 12. Qd2 Na5 13. Qd1 Naxc4 14. Qb3 Nxe3 15. fxe3 c6 16. Nd2 Bxd4 17. Rf3 Bxc3 18. Qxc3 Nd5 19. Qb3 Bg4 20. Rf2 Bxe2 21. Rxe2 Qb6 22. Rd1 Rad8 23. Qxb6 Nxb6 24. Rc1 Rd3 25. Kf2 Rfd8 26. Ne4 Nd7 27. Rcc2 Kf8 28. h3 Ke7 29. Kg3 f5 30. Ng5 h6 31. Nf3 e5 32. Kf2 Ke6 33. Ne1 Rd1 34. Nf3 Nf6 35. Nd2 R1xd2 36. Rexd2 Rxd2+ 37. Rxd2 Ne4+ 38. Ke2 Nxd2 39. Kxd2 Kd5 40. Kd3 c5 41. b3 e4+ 42. Kc3 g5 0-1

[Event "FRA-chT Top 12 (Women)"]
[Site "Mulhouse"]
[Date "2014.05.10"]
[Round "2.4"]
[White "Charbonnel, Juliette"]
[Black "Huisman, Chloe"]
[Result "0-1"]
[WhiteElo "1248"]
[BlackElo "1954"]
[PlyCount "54"]
[EventDate "2014.05.09"]
[EventType "team-tourn"]
[EventRounds "5"]
[EventCountry "FRA"]
[SourceTitle "CBM 160 Extra"]
[Source "ChessBase"]
[SourceDate "2014.07.01"]
[SourceVersion "1"]
[SourceVersionDate "2014.07.01"]
[SourceQuality "1"]
[WhiteTeam "Vandoeuvre (W)"]
[BlackTeam "Evry Grand Roque (W)"]
[WhiteTeamCountry "FRA"]
[BlackTeamCountry "FRA"]

1. e4 d5 2. d3 dxe4 3. dxe4 Qxd1+ 4. Kxd1 Nc6 5. Bc4 Bg4+ 6. f3 Bh5 7. Be3 0-0-0+ 8. Ke2 Nd4+ 9. Bxd4 Rxd4 10. Bb3 Rxe4+ 11. Kf2 Rd4 12. Ne2 Rd8 13. c4 e6 14. Bc2 Bc5+ 15. Kf1 Bg6 16. Bb3 Ne7 17. Nbc3 Nf5 18. Ke1 Ne3 19. Nf4 e5 20. Nxg6 Nxg2+ 21. Kf1 Ne3+ 22. Ke2 hxg6 23. Ne4 Bd4 24. Rhg1 Rxh2+ 25. Nf2 Nf5 26. Raf1 Be3 27. a3 Rd2+ 0-1

[Event "FRA-ch U20 Girls"]
[Site "Calvi"]
[Date "2005.04.22"]
[Round "7"]
[White "Huisman, Chloe"]
[Black "Marchais, Aurelie"]
[Result "1-0"]
[WhiteElo "2017"]
[BlackElo "1822"]
[PlyCount "81"]
[EventDate "2005.04.??"]
[EventType "swiss"]
[EventRounds "9"]
[EventCountry "FRA"]
[SourceTitle "EXT 2006"]
[Source "ChessBase"]
[SourceDate "2005.11.24"]
[SourceVersion "1"]
[SourceVersionDate "2005.11.24"]
[SourceQuality "1"]

1. Nf3 c5 2. g3 Nc6 3. Bg2 g6 4. 0-0 Bg7 5. d3 d6 6. e4 Nf6 7. Nc3 0-0 8. h3 Rb8 9. Nh4 b5 10. f4 b4 11. Ne2 Nd4 12. f5 Nd7 13. Nf4 Ne5 14. Nd5 e6 15. f6 exd5 16. fxg7 Kxg7 17. exd5 Ba6 18. Qd2 f6 19. Be4 f5 20. Bg2 Qe7 21. Re1 Qf7 22. c3 bxc3 23. bxc3 Nxd3 24. cxd4 Nxe1 25. Qxe1 Rfe8 26. Qc3 Qf6 27. Nf3 cxd4 28. Qxd4 Qxd4+ 29. Nxd4 Re1+ 30. Kf2 Rd1 31. Bh6+ Kxh6 32. Rxd1 Rb2+ 33. Kg1 Rxa2 34. Rc1 Rd2 35. Nc6 Bd3 36. Ne7 Bc2 37. Ra1 Bb3 38. Rxa7 Rd1+ 39. Kh2 Bc4 40. Ng8+ Kg5 41. h4+ 1-0

[Event "FRA-ch U20 Girls"]
[Site "Calvi"]
[Date "2005.04.17"]
[Round "1"]
[White "Ficet, Aline"]
[Black "Huisman, Chloe"]
[Result "0-1"]
[WhiteElo "1730"]
[BlackElo "2017"]
[PlyCount "66"]
[EventDate "2005.04.??"]
[EventType "swiss"]
[EventRounds "9"]
[EventCountry "FRA"]
[SourceTitle "EXT 2006"]
[Source "ChessBase"]
[SourceDate "2005.11.24"]
[SourceVersion "1"]
[SourceVersionDate "2005.11.24"]
[SourceQuality "1"]

1. e4 c5 2. c3 d5 3. exd5 Qxd5 4. d4 Nc6 5. Be3 cxd4 6. Bxd4 e5 7. Be3 Qxd1+ 8. Kxd1 Bg4+ 9. Be2 0-0-0+ 10. Nd2 Bf5 11. Ngf3 h6 12. Bb5 Nge7 13. Kc1 g5 14. h3 Bg7 15. Nb3 a6 16. Bxc6 Nxc6 17. Nfd2 Ne7 18. Nc5 Nd5 19. Re1 Nxe3 20. Rxe3 Rd5 21. b4 Rhd8 22. Ndb3 Kb8 23. a4 h5 24. Re2 g4 25. h4 b6 26. Ne4 Bg6 27. Kb2 f5 28. Ned2 Rc8 29. a5 e4 30. Nb1 Rb5 31. Ra4 f4 32. axb6 Rxb6 33. Nc5 Rxc5 0-1

[Event "EU-ch U18 Girls"]
[Site "Budva"]
[Date "2003.09.19"]
[Round "6"]
[White "Elek, Monika"]
[Black "Huisman, Chloe"]
[Result "0-1"]
[WhiteElo "1977"]
[BlackElo "1999"]
[PlyCount "46"]
[EventDate "2003.09.13"]
[EventType "swiss"]
[EventRounds "9"]
[EventCountry "YUG"]
[SourceTitle "CBM 096 Extra"]
[Source "ChessBase"]
[SourceDate "2003.10.22"]
[SourceVersion "2"]
[SourceVersionDate "2003.10.20"]
[SourceQuality "1"]

1. e4 c5 2. d3 Nc6 3. Nc3 e6 4. g3 d5 5. Bg2 Nf6 6. f4 dxe4 7. Nxe4 Nxe4 8. Bxe4 Qb6 9. Rb1 Be7 10. Be3 Qa5+ 11. c3 0-0 12. Ne2 Rd8 13. 0-0 f5 14. Bxc6 bxc6 15. Nc1 c4 16. Qe2 cxd3 17. Nxd3 Ba6 18. Rfd1 Qd5 19. Bd4 c5 20. Nb4 Bxe2 21. Nxd5 Rxd5 22. Re1 cxd4 23. Rxe2 Bc5 0-1

[Event "EU-ch U18 Girls"]
[Site "Budva"]
[Date "2003.09.16"]
[Round "4"]
[White "Bednikova, Stefka"]
[Black "Huisman, Chloe"]
[Result "1/2-1/2"]
[WhiteElo "2171"]
[BlackElo "1999"]
[PlyCount "185"]
[EventDate "2003.09.13"]
[EventType "swiss"]
[EventRounds "9"]
[EventCountry "YUG"]
[SourceTitle "CBM 096 Extra"]
[Source "ChessBase"]
[SourceDate "2003.10.22"]
[SourceVersion "2"]
[SourceVersionDate "2003.10.20"]
[SourceQuality "1"]

1. e4 Nc6 2. Nf3 f5 3. e5 d6 4. Bb5 e6 5. d4 Bd7 6. Bg5 Be7 7. Bxe7 Qxe7 8. c3 0-0-0 9. Bd3 g5 10. h3 h5 11. Qe2 Qg7 12. exd6 cxd6 13. h4 g4 14. Ng5 e5 15. d5 Nce7 16. Bc4 Ng6 17. g3 e4 18. Na3 Ne5 19. 0-0-0 Kb8 20. Kb1 Nf6 21. Nb5 Rc8 22. Nxd6 Nxc4 23. Nxc4 Bb5 24. b3 Nd7 25. Rd4 Ne5 26. Ne6 Qe7 27. Nf4 Bxc4 28. bxc4 Qc5 29. Ne6 Qa5 30. Rc1 Nxc4 31. Ka1 Qa3 32. Qc2 Ne5 33. Nf4 Rh7 34. Ra4 Qc5 35. Qd2 Nc4 36. Qd4 Qxd4 37. cxd4 Rhc7 38. Ne6 Nb6 39. Rxc7 Rxc7 40. Nxc7 Nxa4 41. Ne6 Nc3 42. Nf4 Nd1 43. Nxh5 Nxf2 44. Nf4 Nh3 45. Ne2 Kc7 46. h5 Kd6 47. h6 Ng5 48. Nf4 e3 49. Kb2 e2 50. Nxe2 Kxd5 51. Nf4+ Ke4 52. d5 Ke5 53. Kc2 Nh7 54. Kc3 Nf6 55. Kb4 Kd6 56. Kb5 Nh7 57. Kc4 a6 58. Ng6 b6 59. Kd4 Ng5 60. Nf8 Nf3+ 61. Ke3 Ne5 62. h7 Nf7 63. Kd4 f4 64. gxf4 g3 65. Ke3 Kxd5 66. Kf3 g2 67. Kxg2 Ke4 68. Kg3 Kf5 69. Nd7 b5 70. Nc5 a5 71. Nb7 Kg6 72. Nd6 Nh8 73. Nxb5 Kxh7 74. f5 Nf7 75. Kf4 Kg7 76. Ke4 Kf6 77. Nd4 Nd6+ 78. Kf4 a4 79. a3 Nc4 80. Nb5 Nb6 81. Ke4 Nc4 82. Kf4 Nb6 83. Nc3 Nc4 84. Nxa4 Nxa3 85. Nc3 Nc4 86. Ne4+ Kf7 87. Kf3 Ne5+ 88. Ke3 Ng4+ 89. Kf4 Nh6 90. Nd6+ Ke7 91. Nc8+ Kf6 92. Nd6 Nxf5 93. Nxf5 1/2-1/2

[Event "Agneaux St Lo (Women)"]
[Site "Agneaux"]
[Date "2003.07.17"]
[Round "9"]
[White "Gutierrez Castillo, Paloma"]
[Black "Huisman, Chloe"]
[Result "1/2-1/2"]
[WhiteElo "2136"]
[BlackElo "1999"]
[PlyCount "86"]
[EventDate "2003.07.09"]
[EventType "tourn"]
[EventRounds "9"]
[EventCountry "FRA"]
[SourceTitle "CBM 095 Extra"]
[Source "ChessBase"]
[SourceDate "2003.09.04"]
[SourceVersion "1"]
[SourceVersionDate "2003.09.04"]
[SourceQuality "1"]

1. e4 c5 2. Nf3 Nf6 3. Nc3 d5 4. exd5 Nxd5 5. Bb5+ Bd7 6. Bxd7+ Qxd7 7. 0-0 e6 8. Ne5 Qc7 9. Re1 Nxc3 10. dxc3 Bd6 11. Bf4 0-0 12. Qf3 Nc6 13. Qg3 Nxe5 14. Rxe5 Rad8 15. Re4 Bxf4 16. Rxf4 Rd2 17. Rc1 Rfd8 18. h4 Rd1+ 19. Rxd1 Rxd1+ 20. Kh2 Rd2 21. h5 h6 22. Rc4 Qxg3+ 23. Kxg3 Rxc2 24. Rxc5 Rxb2 25. Rc8+ Kh7 26. Rc7 f6 27. Re7 e5 28. a4 a5 29. f3 b6 30. Rb7 Rb3 31. Rc7 Ra3 32. Rc4 f5 33. Kf2 Ra2+ 34. Kg3 Rb2 35. Rc7 Kg8 36. Re7 Ra2 37. Rxe5 Rxa4 38. Rxf5 Rc4 39. Rb5 Rc6 40. c4 Kf7 41. f4 Ke6 42. Kf3 Kd6 43. Ke3 Rxc4 1/2-1/2

[Event "Agneaux St Lo (Women)"]
[Site "Agneaux"]
[Date "2003.07.13"]
[Round "5"]
[White "Huisman, Chloe"]
[Black "Brunstein, Sandrine"]
[Result "1-0"]
[WhiteElo "1999"]
[BlackElo "2056"]
[PlyCount "63"]
[EventDate "2003.07.09"]
[EventType "tourn"]
[EventRounds "9"]
[EventCountry "FRA"]
[SourceTitle "CBM 095 Extra"]
[Source "ChessBase"]
[SourceDate "2003.09.04"]
[SourceVersion "1"]
[SourceVersionDate "2003.09.04"]
[SourceQuality "1"]

1. e4 e6 2. d4 d5 3. e5 b6 4. c3 Qd7 5. h4 Ba6 6. Bxa6 Nxa6 7. h5 c5 8. a3 c4 9. Nf3 Ne7 10. h6 g6 11. Bg5 Nc6 12. Bf6 Rg8 13. Ng5 Na5 14. Nxh7 Qb5 15. Qc2 Be7 16. Bg7 Qb3 17. Qc1 Qb5 18. Nd2 0-0-0 19. Nf6 Bxf6 20. Bxf6 Rde8 21. a4 Qc6 22. Qd1 Nb8 23. Qf3 Nd7 24. Bg7 b5 25. axb5 Qxb5 26. Qxf7 Qxb2 27. Rxa5 Qc1+ 28. Ke2 Qxh1 29. Rxa7 Qh5+ 30. f3 Rd8 31. Qxe6 Kb8 32. Qa6 1-0

[Event "Agneaux St Lo (Women)"]
[Site "Agneaux"]
[Date "2003.07.11"]
[Round "3"]
[White "Huisman, Chloe"]
[Black "Marchadour, Claire"]
[Result "0-1"]
[WhiteElo "1999"]
[BlackElo "2095"]
[PlyCount "94"]
[EventDate "2003.07.09"]
[EventType "tourn"]
[EventRounds "9"]
[EventCountry "FRA"]
[SourceTitle "CBM 095 Extra"]
[Source "ChessBase"]
[SourceDate "2003.09.04"]
[SourceVersion "1"]
[SourceVersionDate "2003.09.04"]
[SourceQuality "1"]

1. e4 c5 2. Nf3 Nc6 3. d4 cxd4 4. Nxd4 Nf6 5. Nc3 e5 6. Ndb5 d6 7. a4 Be6 8. Bg5 Be7 9. Bxf6 gxf6 10. Nd5 Bxd5 11. Qxd5 a6 12. Nc3 Nd4 13. Bc4 0-0 14. Bb3 Qb6 15. Qc4 Rac8 16. Nd5 Rxc4 17. Nxb6 Nxb3 18. Nxc4 Nxa1 19. Kd2 Rc8 20. Ne3 Nxc2 21. Rc1 Bd8 22. Nd5 Rc4 23. f3 f5 24. Rxc2 Bg5+ 25. Kd3 Rd4+ 26. Kc3 fxe4 27. fxe4 Rxe4 28. Kb3 Rd4 29. Nb6 Rd3+ 30. Kb4 Bd2+ 31. Kc4 Rd4+ 32. Kb3 Rb4+ 33. Ka3 Rxb6 34. Rxd2 Kf8 35. b4 Ke7 36. Kb3 Ke6 37. g4 d5 38. h4 d4 39. g5 Rc6 40. Rf2 Rc3+ 41. Kb2 Rc6 42. b5 axb5 43. axb5 Rd6 44. h5 Ke7 45. Kc1 e4 46. Rf5 e3 47. Re5+ Re6 0-1

[Event "Agneaux St Lo (Women)"]
[Site "Agneaux"]
[Date "2003.07.09"]
[Round "1"]
[White "Huisman, Chloe"]
[Black "Mihajlovskij, Sergei"]
[Result "0-1"]
[WhiteElo "1999"]
[BlackElo "2411"]
[PlyCount "100"]
[EventDate "2003.07.09"]
[EventType "tourn"]
[EventRounds "9"]
[EventCountry "FRA"]
[SourceTitle "CBM 095 Extra"]
[Source "ChessBase"]
[SourceDate "2003.09.04"]
[SourceVersion "1"]
[SourceVersionDate "2003.09.04"]
[SourceQuality "1"]

1. e4 g6 2. d4 Bg7 3. Nc3 d6 4. Be3 c6 5. Qd2 b5 6. Bd3 Nd7 7. Nf3 Nb6 8. 0-0 Bg4 9. Ne1 Nf6 10. h3 Bc8 11. Nf3 0-0 12. Bh6 Qc7 13. Ne2 e5 14. Ng3 Ne8 15. Bxg7 Nxg7 16. dxe5 dxe5 17. Qc3 f6 18. Bxb5 c5 19. Nd2 Rd8 20. Ne2 Ne6 21. Nc4 Kg7 22. Nxb6 axb6 23. a4 Nd4 24. Nxd4 Rxd4 25. f3 Be6 26. Rfd1 Qd6 27. Rxd4 exd4 28. Qd2 g5 29. b3 Qg3 30. Qf2 Qe5 31. Rd1 h5 32. Re1 Kf7 33. Qe2 Ke7 34. Bc4 Bd7 35. Bb5 Bc8 36. f4 gxf4 37. Qc4 Be6 38. Qd3 Rg8 39. Rf1 Rg3 40. Rf3 Qg5 41. Rxg3 fxg3 42. Qf3 h4 43. Bd3 Qc1+ 44. Qf1 Qd2 45. Qe2 Qxe2 46. Bxe2 Kd6 47. Kf1 Ke5 48. Bf3 Bc8 49. Ke2 Bb7 50. Kd2 f5 0-1

[Event "FRA-chT (Women) 03rd"]
[Site "Evry"]
[Date "2003.02.09"]
[Round "3.2"]
[White "Huisman, Chloe"]
[Black "Griffe, Delphine"]
[Result "1-0"]
[WhiteElo "1975"]
[BlackElo "1720"]
[PlyCount "46"]
[EventDate "2003.02.07"]
[EventRounds "7"]
[EventCountry "FRA"]
[SourceTitle "CBM 092 Extra"]
[Source "ChessBase"]
[SourceDate "2003.03.07"]
[SourceVersion "1"]
[SourceVersionDate "2003.03.07"]
[SourceQuality "1"]
[WhiteTeam "Agneaux Saint Lo (W)"]
[BlackTeam "Chalons en Champagne (W)"]
[WhiteTeamCountry "FRA"]
[BlackTeamCountry "FRA"]

1. e4 d5 2. exd5 Nf6 3. d4 Nxd5 4. c4 Nf6 5. Nc3 Nc6 6. Be3 Bf5 7. Nf3 e6 8. Be2 Qd7 9. 0-0 Be7 10. a3 0-0 11. b4 Rfc8 12. Qb3 Nd8 13. Ne5 Qe8 14. Bf3 Rab8 15. Nb5 Ra8 16. Rfe1 Be4 17. Bf4 Bxf3 18. Nxf3 Nd5 19. Bg3 a6 20. cxd5 axb5 21. dxe6 Nxe6 22. d5 Nd8 23. Bh4 Qd7 1-0

[Event "FRA-chT (Women) 03rd"]
[Site "Evry"]
[Date "2003.02.08"]
[Round "2.1"]
[White "Huisman, Chloe"]
[Black "Daya, Mouna"]
[Result "0-1"]
[WhiteElo "1975"]
[BlackElo "2100"]
[PlyCount "58"]
[EventDate "2003.02.07"]
[EventRounds "7"]
[EventCountry "FRA"]
[SourceTitle "CBM 092 Extra"]
[Source "ChessBase"]
[SourceDate "2003.03.07"]
[SourceVersion "1"]
[SourceVersionDate "2003.03.07"]
[SourceQuality "1"]
[WhiteTeam "Agneaux Saint Lo (W)"]
[BlackTeam "Paris JEEN (W)"]
[WhiteTeamCountry "FRA"]
[BlackTeamCountry "FRA"]

1. e4 c5 2. Nf3 d6 3. c3 Nc6 4. d4 cxd4 5. cxd4 Nf6 6. Nc3 e6 7. Bd3 Be7 8. 0-0 0-0 9. h3 a6 10. Be3 b5 11. Ne2 Bb7 12. Ng3 Nb4 13. Bb1 Rc8 14. a3 Nc6 15. Nh2 Na5 16. b3 Qd7 17. Ng4 Nxg4 18. Qxg4 Kh8 19. d5 Nxb3 20. Ba2 Nxa1 21. dxe6 Qc7 22. Nf5 Bf6 23. exf7 d5 24. Bf4 Qxf7 25. Nd6 Qe7 26. Nxc8 Bxc8 27. Qd1 dxe4 28. Bd6 Qe8 29. Bxf8 Qxf8 0-1

[Event "FRA-chT (Women) 03rd"]
[Site "Evry"]
[Date "2003.02.07"]
[Round "1.2"]
[White "Huisman, Chloe"]
[Black "Alexieva, Silvia"]
[Result "0-1"]
[WhiteElo "1975"]
[BlackElo "2333"]
[PlyCount "102"]
[EventDate "2003.02.07"]
[EventRounds "7"]
[EventCountry "FRA"]
[SourceTitle "CBM 092 Extra"]
[Source "ChessBase"]
[SourceDate "2003.03.07"]
[SourceVersion "1"]
[SourceVersionDate "2003.03.07"]
[SourceQuality "1"]
[WhiteTeam "Agneaux Saint Lo (W)"]
[BlackTeam "Clichy (W)"]
[WhiteTeamCountry "FRA"]
[BlackTeamCountry "FRA"]

1. e4 c5 2. Nf3 e6 3. d4 cxd4 4. Nxd4 Nc6 5. Be2 Qc7 6. 0-0 a6 7. c4 Bd6 8. Kh1 Nf6 9. Nc3 Nxd4 10. Qxd4 h5 11. f4 Bc5 12. Qd1 d6 13. Rb1 Ba7 14. Qd3 Ng4 15. Qg3 Bd4 16. f5 Bd7 17. Bf4 e5 18. Bd2 Bc6 19. Bxg4 hxg4 20. Qxg4 f6 21. b4 b5 22. Nd5 Qf7 23. Rbc1 Qh5 24. Nc7+ Kd7 25. Qxh5 Rxh5 26. Nxa8 Bxa8 27. Rfe1 Rh4 28. Be3 Rxe4 29. Bxd4 Rxd4 30. cxb5 axb5 31. Re3 Be4 32. Rg3 Bxf5 33. Rxg7+ Ke6 34. a3 Rd3 35. h4 Rxa3 36. h5 Rb3 37. h6 Rxb4 38. g3 Rb2 39. Re1 d5 40. h7 Bxh7 41. Rxh7 d4 42. Rh6 d3 43. g4 Re2 44. Rf1 d2 45. Rhxf6+ Kd5 46. Rd1 Re1+ 47. Rf1 Rxf1+ 48. Rxf1 e4 49. Rd1 e3 50. Kg2 Ke4 51. g5 e2 0-1

[Event "FRA-ch U18 Girls"]
[Site "Hyeres"]
[Date "2002.??.??"]
[Round "4.8"]
[White "Huisman, Chloe"]
[Black "Bujisho, Sophie"]
[Result "1-0"]
[WhiteElo "1820"]
[BlackElo "1820"]
[PlyCount "119"]
[EventDate "2002.04.05"]
[EventType "swiss"]
[EventRounds "9"]
[EventCountry "FRA"]
[SourceTitle "EXT 2003"]
[Source "ChessBase"]
[SourceDate "2002.11.25"]
[SourceVersion "1"]
[SourceVersionDate "2002.11.25"]
[SourceQuality "1"]

1. e4 c5 2. Nf3 d6 3. c3 Nf6 4. h3 Nbd7 5. Bd3 b6 6. 0-0 Bb7 7. Re1 g6 8. Bc2 Bg7 9. d4 e5 10. d5 0-0 11. Nh2 Ne8 12. Qg4 Kh8 13. h4 f5 14. Qh3 f4 15. g4 Bc8 16. Kh1 Ndf6 17. Qg2 Qe7 18. Rg1 Rb8 19. Nd2 b5 20. Ndf3 Rg8 21. Bd2 c4 22. a4 bxa4 23. g5 Nh5 24. Rgb1 Nc7 25. Rxa4 Ba6 26. Bd1 Rb7 27. Bc1 Bb5 28. Ra3 Na6 29. b4 Nc7 30. Nd2 Na8 31. Be2 Rc8 32. Rba1 Qc7 33. Bb2 Qe7 34. Qf1 Qc7 35. Qd1 Qf7 36. Bg4 Rd8 37. Qe2 Rc7 38. Ra5 Rb8 39. Be6 Qe7 40. Bg4 Qf7 41. Nb1 Be8 42. Na3 Nb6 43. Nb5 Bxb5 44. Rxb5 Qe8 45. Rba5 Qf7 46. Nf1 Rf8 47. Nd2 Rb8 48. Nb1 Rf8 49. Bf3 Qd7 50. Kh2 Qf7 51. Na3 Ra8 52. Nb5 Rd7 53. Bg4 Rdd8 54. Rxa7 Rxa7 55. Rxa7 Qe8 56. Nc7 Qf7 57. Rb7 Nc8 58. Qxc4 f3 59. Ne6 Qxb7 60. Nxd8 1-0

[Event "Avoine op 16th"]
[Site "Avoine"]
[Date "2001.??.??"]
[Round "5"]
[White "Huisman, Chloe"]
[Black "Petrera, Salvatore"]
[Result "0-1"]
[WhiteElo "1850"]
[BlackElo "1610"]
[PlyCount "96"]
[EventDate "2001.07.??"]
[EventType "swiss"]
[EventRounds "7"]
[EventCountry "FRA"]
[SourceTitle "EXT 2003"]
[Source "ChessBase"]
[SourceDate "2002.11.25"]
[SourceVersion "1"]
[SourceVersionDate "2002.11.25"]
[SourceQuality "1"]

1. e4 e6 2. d4 d5 3. e5 c5 4. c3 Ne7 5. a3 Ng6 6. b4 cxd4 7. cxd4 Be7 8. Nc3 Bd7 9. Bb2 0-0 10. Nf3 f6 11. Be2 fxe5 12. Nxe5 Nxe5 13. dxe5 Nc6 14. 0-0 Rc8 15. f4 a5 16. b5 Bc5+ 17. Kh1 Nd4 18. Bg4 Nf5 19. Bxf5 Rxf5 20. g4 Rf7 21. f5 d4 22. Ne4 exf5 23. Nxc5 Rxc5 24. Qxd4 Qe7 25. Rae1 Bxb5 26. Rxf5 Rxf5 27. gxf5 Bc6+ 28. Re4 Rc2 29. Kg1 Bxe4 30. Qxe4 Rxb2 31. Qc4+ Kf8 32. Qc8+ Qe8 33. Qc5+ Kg8 34. Qd5+ Kh8 35. e6 Rb1+ 36. Kf2 Rb2+ 37. Ke3 Rb5 38. Qd3 a4 39. Kf2 Qe7 40. Ke2 Rc5 41. Qe4 Qd6 42. e7 Qxh2+ 43. Kd1 Qg1+ 44. Ke2 Qh2+ 45. Kd1 Qh5+ 46. Kd2 Qe8 47. Qd4 Rc7 48. f6 Rd7 0-1

[Event "FRA-chT3 01"]
[Site "France"]
[Date "2000.10.15"]
[Round "1"]
[White "Huisman, Chloe"]
[Black "Pereira, Chloe"]
[Result "1-0"]
[WhiteElo "1840"]
[BlackElo "1320"]
[PlyCount "25"]
[EventDate "2001.??.??"]
[EventType "team"]
[EventRounds "9"]
[EventCountry "FRA"]
[SourceTitle "EXT 2002"]
[Source "ChessBase"]
[SourceDate "2001.11.25"]
[SourceVersion "1"]
[SourceVersionDate "2001.11.25"]
[SourceQuality "1"]
[WhiteTeam "Agneaux Saint Lo"]
[BlackTeam "Yffiniac"]
[WhiteTeamCountry "FRA"]
[BlackTeamCountry "FRA"]

1. e4 Nf6 2. e5 Nd5 3. d4 g6 4. Bc4 c6 5. Qf3 e6 6. Nd2 b5 7. Bb3 d6 8. Ne4 h6 9. Bxd5 cxd5 10. Nf6+ Ke7 11. Bf4 Nc6 12. exd6+ Kxf6 13. Bxh6# 1-0